| 000 | 00679nam a2200229 a 4500 | ||
|---|---|---|---|
| 001 | 2316983 | ||
| 003 | ARRUPE | ||
| 005 | 20160503110957.0 | ||
| 008 | 850118s1981 xx a 000 0 eng | ||
| 010 | _a 81081851 | ||
| 020 | _a0960634207 | ||
| 020 | _a0960634215 (pbk.) | ||
| 040 |
_aDLC _cDLC _dDLC |
||
| 050 | 0 | 0 |
_aPR9272.9.C54 _bD6 1981 |
| 082 | 0 | 0 |
_a811 _219 |
| 100 | 1 |
_aClarke, LeRoy. _924322 |
|
| 245 | 1 | 0 |
_aDouens : _bpoems and drawings / _cby LeRoy Clarke. |
| 260 |
_a[S.l.] : _bKaRaEle ; _aBrooklyn, NY : _bDistributed by D.A. Reid, _cc1981. |
||
| 300 |
_a120 p.; _bill. ; _c23 cm. |
||
| 906 |
_a7 _bcbc _corignew _d3 _eopcn _f19 _gy-gencatlg |
||
| 942 |
_2lcc _cMONOGRAPH |
||
| 999 |
_c124787 _d124787 |
||